Islam in South and South East Asia. (Record no. 6422)

MARC details
000 -LEADER
fixed length control field 00653nam a2200253 a 4500
020 ## - INTERNATIONAL STANDARD BOOK NUMBER
ISBN 8120223
082 00 - DEWEY DECIMAL CLASSIFICATION NUMBER
Classification number 297.095
Author Cutter ENG
100 ## - MAIN ENTRY--AUTHOR NAME
Author name Engineer, Asghar Ali
245 ## - TITLE STATEMENT
Title Islam in South and South East Asia.
260 ## - PUBLICATION, DISTRIBUTION, ETC. (IMPRINT)
Place of publication Delhi
Name of publisher Ajanta Publications
Year of publication 1985
300 ## - PHYSICAL DESCRIPTION
Number of Pages 229p.
500 ## - GENERAL NOTE
General note includes index and biblioraphy
505 2# - FORMATTED CONTENTS NOTE
Formatted contents note bibliography
650 ## - SUBJECT ADDED ENTRY--TOPICAL TERM
Topical Term Islam-South Asia
650 ## - SUBJECT ADDED ENTRY--TOPICAL TERM
Topical Term Islam-Southeast Asia
942 ## - ADDED ENTRY ELEMENTS (KOHA)
Koha item type Books
700 1# -
-- Engineer, Asghar Ali
Holdings
Collection code Home library Current library Date acquired Cost, normal purchase price Full call number Accession Number Koha item type
  Henry Martyn Institute Library Henry Martyn Institute Library 07/26/2007 150.00 297.095 ENG 012629 Books
                   Copyright © 2026 | Henry Martyn Institute | Hyderabad | TS-500052 | INDIA | Implemented by hmi.edu.in
Hit-Count:

Powered by Koha